000 00606naa a2200193 4500
001 129299
003 ES-MaBCM
005 20241016144359.0
008 060623s2006 fra|r0p 0 ||fre d
021 _axx
035 _a(OCoLC)1365193246
040 _cES-MaBCM
100 1 _aFregosi, Renée
_972131
245 0 0 _aL'Uruguay en 2006
_b: défis et dilemmes d'un gouvernement de gauche
_cRenée Fregosi
651 1 0 _aUruguay
_9116039
650 1 7 _aSituación política
_960283
773 0 _aEn:
_tLes études de la documentation française
_dParis
_w105612
_gNº 5233-5234 (2006), p. 71-82
942 _cAREV
999 _c129299
_d129299